| 000 | 01379nam a22003137a 4500 | ||
|---|---|---|---|
| 005 | 20240530110412.0 | ||
| 008 | 150217s2008 ua ob a 001 0 ara d | ||
| 017 |
_a2006/20251 _bمصر . دار الكتب المصرية |
||
| 020 | _a9771437445 | ||
| 040 | _aEG-CaGPL | ||
| 041 | 0 |
_aara _heng |
|
| 082 | 0 | 4 |
_221 _a621.382 _bط/م ا |
| 100 | 1 | _aماديسون ، سايمون | |
| 245 | 1 | 2 |
_aالاتصالات / _cتاليف سايمون ماديسون ؛ كريس اوكسلايد ، سارة رايدلى ؛ ترجمة محمد على النقراشى ؛ اشراف عام داليا محمد ابراهيم |
| 260 |
_aالقاهرة : _bنهضة مصر للطباعة و النشر و التوزيع ، _c2008 |
||
| 300 |
_a39 ص : _bايض ؛ _c32 سم |
||
| 490 | _aعلوم القرن ال21 | ||
| 650 | 0 | 4 | _aالاتصالات |
| 650 | 0 | 4 | _aالاتصالات الالكترونية |
| 650 | 0 | 4 | _aالاتصال السلكية و الاسلكية |
| 650 | 0 | 4 | _aالاتصالات عبر الاقمار الصناعية |
| 650 | 0 | 4 | _aوسائل الاعلام |
| 700 | 1 |
_aاوكسلايد ، كريس _eمحرر |
|
| 700 | 1 |
_aرايدلى ، سارة _eمحرر |
|
| 700 | 0 |
_aمحمد على النقراشى _eمترجم |
|
| 700 | 0 |
_aداليا محمد ابراهيم _eمشرف |
|
| 942 |
_2ddc _cBK |
||
| 999 |
_c60474 _d60474 |
||